Statistics for Indigenous Languages in Canada

Click here to take the quiz!

General Stats

  • This quiz has been taken 27 times
    (25 since last reset)
  • The average score is 17 of 69

Answer Stats

Answer% Correct
Inuktitut
90%
Dakota-Lakota
81%
Haida
76%
Mi'kmaq
76%
Mohawk
71%
Blackfoot
62%
Tlingit
62%
Michif
57%
Oji-Cree
57%
Algonquin
52%
Nakota (Assiniboine)
52%
Oneida
52%
Seneca
52%
Cayuga
48%
Swampy Cree
48%
Sḵwx̱wú7mesh (Squamish)
48%
Woods Cree
48%
Iñupiaq
43%
Nakoda (Stoney)
43%
Onondaga
43%
Tuscarora
43%
Dëne Sųłiné (Chipewyan)
33%
Halkomelem
33%
Nlaka'pamux (Thompson)
33%
Abenaki
29%
Innu-Montagnais
29%
Odawa
29%
Secwepemctsín (Shuswap)
29%
Nuxalk (Bella Coola)
24%
Saulteaux
24%
Gwich'in (Loucheux, Kutchin, Tukudh)
19%
Naskapi
19%
Nisga'a
19%
Slavey (Dene Dháh, Sahtúot’ı̨nę Yatı, Mackenzian)
19%
Tłı̨chǫ Yatıì (Dogrib)
19%
Atikamekw
14%
East Cree
14%
Gitxsan
14%
Ktunaxa (Kutenai)
14%
SENĆOŦEN (Saanich)
14%
Inuktun
10%
Nsyilxcen (Okanagan)
10%
Sgüüx̣s (Southern Tsimshian)
10%
Sm’algya̲x (Coast Tsimshian)
10%
Comox (Sliammon)
5%
Maliseet-Passamaquoddy
5%
Nipissing
5%
Nuu-Chah-Nulth (Nootka)
5%
She Sháshishálhem (Sechelt)
5%
St’át’imcets (Lilloet)
5%
Tsuut'ina (Sarcee)
5%
Tutchone (Dän k'í, Southern Tutchone, Dän k'è, Northern Tutchone)
5%
Babine-Witsuwit'en
0%
Dakelh (Carrier)
0%
Dane-zaa
0%
Ditidhat (Nitidhat)
0%
Eastern Ojibwe
0%
Haisla
0%
Hän
0%
Heiltsuk (Haihais, Bella Bella)
0%
Kaska (Kaska Dena)
0%
Kwa'kwala (Kwakiutl)
0%
Lac Seul Ojibwe
0%
Neeʼaandeegnʼ (Upper Tanana, Tabesna, Nabesna)
0%
Southwestern Ojibwe
0%
Tāłtān (Tahltan, Nahanni)
0%
Tse'khene (Sekani)
0%
Tŝinlhqut’in (Tsilhqot’in, Chilcotin)
0%
’Uik̓ala (Ookwekyala)
0%

Score Distribution

Percentile by Number Answered

Percent of People with Each Score

Your Score History

You have not taken this quiz since the last reset